000 00665nam a2200205Ia 4500
003 GCL
008 140319s9999 xx 000 0 ara d
040 _aGCL /
_cGCL
082 0 4 _a377.1
_bع م
100 1 _aعطية محمد عطية
245 1 0 _aمفاهيم اساسية فى التربية الاسلامية والاحتماعيات /
_cعطية محمد عطية
700 1 _aزهير احمد سعيد
700 1 _aرضا محمد نصر
260 _a[S.N] :
_bدار الفكر للدراسات والنشر والتوزيع ،
_c1991
300 _a327
490 _a
650 0 4 _aالاخلاق
650 0 4 _aالاردن
942 _2ddc
_cBK
999 _c45634
_d45634